000 00933nam a2200229 a 4500
001 21797
003 BD-RjUL
005 20211209000730.0
008 140030s1961 inuh 001 1 eng d
035 _a(BD-RjUL)21862
040 _aDLC
_cWSU
_dSER
_dBD-RjUL
_beng
041 _aeng
082 _a823.3
_bNOV 1961
245 1 4 _aThe novels of Thomas Deloney /
_cedited by Merrit E. Lawlis
260 _aBloomington, Ind. :
_bIndiana University Press,
_c1961.
300 _axxxii, 462 p. :
_bfacsims ;
_c24 cm.
500 _a"Editions ... used a copy texts: the Henry E. Huntington Library [copies of] ... Jack of Newbury and Thomas of Reading; the University of Sheffield Library [copy of] ... The gentle craft, part I; and the British Museum [copy of] ... The gentle craft, part II."
700 1 _aLawlis, Merritt E.
_q(Merritt Eugene),
_d1918-
_967298
942 _2ddc
_cBK
999 _c21797
_d21797